Bord again (Record no. 3249)
[ view plain ]
| 000 -LEADER | |
|---|---|
| fixed length control field | 00797 a2200205 4500 |
| 010 ## - LIBRARY OF CONGRESS CONTROL NUMBER | |
| LC control number | ENG-85654 |
| 020 ## - INTERNATIONAL STANDARD BOOK NUMBER | |
| International Standard Book Number | 8185250375 |
| Terms of availability | 295.00 |
| 035 ## - SYSTEM CONTROL NUMBER | |
| System control number | EN-69187 |
| 037 ## - SOURCE OF ACQUISITION | |
| Source of stock number/acquisition | D.B.Act / Pub |
| 082 14 - DEWEY DECIMAL CLASSIFICATION NUMBER | |
| Classification number | 133.9013 |
| 090 ## - LOCALLY ASSIGNED LC-TYPE CALL NUMBER (OCLC); LOCAL CALL NUMBER (OCLC) | |
| -- | 3314 |
| -- | 3314 |
| 100 1# - MAIN ENTRY--PERSONAL NAME | |
| Personal name | Semkiw, Walter |
| 245 1# - TITLE STATEMENT | |
| Title | Bord again |
| Statement of responsibility, etc | by Walter Semkiw |
| Remainder of title | reincarnation cases involving international celebrities India's political legends and film stars |
| 260 ## - PUBLICATION, DISTRIBUTION, ETC. (IMPRINT) | |
| Place of publication, distribution, etc | New Delhi |
| Name of publisher, distributor, etc | Ritana Books |
| Date of publication, distribution, etc | 2007 |
| 270 ## - ADDRESS | |
| Address | 81, Defence Colony flyover Market, |
| City | New Delhi |
| Postal code | 110 024 |
| Telephone number | 011-24617278 |
| Fax number | 011-24636063 |
| Electronic mail address | ritana@vsnl.com |
| 300 ## - PHYSICAL DESCRIPTION | |
| Extent | 392 p. |
| Dimensions | 22 cm ( Pbk.) |
| 500 ## - GENERAL NOTE | |
| General note | Includes bibliographial refrences and index |
| 942 ## - ADDED ENTRY ELEMENTS (KOHA) | |
| Institution code [OBSOLETE] | dpl |
| Koha item type | English Books |
| Call number prefix | 133.9013 / SEM |
| Withdrawn status | Lost status | Source of classification or shelving scheme | Damaged status | Not for loan | Collection code | Home library | Current library | Source of acquisition | Cost, normal purchase price | Total Checkouts | Full call number | Barcode | Date last seen | Copy number | Uniform Resource Identifier | Cost, replacement price | Price effective from | Koha item type |
|---|---|---|---|---|---|---|---|---|---|---|---|---|---|---|---|---|---|---|
| Dewey Decimal Classification | Not For Loan | Non-fiction | D.B.Act.Division | D.B.Act.Division | DBAD/PUB | 295.00 | 133.9013 SEM | EN-69187 | 15/09/2008 | 1 | 3457 | 295.00 | 15/09/2008 | English Books |
